[Event "Campeonato Pan-Americano Sub-20 Feminino"]
[Site "CXSP, São Paulo"]
[Date "2012.07.02"]
[Round "7.7"]
[White "Sena Moura, Danielle"]
[Black "Ramillo, Vitoria Matheus"]
[Result "1-0"]
[WhiteElo "1892"]
[BlackElo "1778"]
[PlyCount "71"]
[EventDate "2012.06.29"]

1. d4 Nf6 2. c4 e6 3. Nf3 b6 4. g3 Bb7 5. Bg2 Bb4+ 6. Bd2 Qe7 7. O-O Bxd2 8.
Nbxd2 c5 9. Rc1 cxd4 10. Nxd4 Bxg2 11. Kxg2 O-O 12. Qa4 Qd6 13. N2f3 Nc6 14.
Nxc6 dxc6 15. c5 Qc7 16. cxb6 Qxb6 17. Rc2 Rab8 18. b3 c5 19. Rfc1 Rfc8 20. Ne5
Qb7+ 21. Kg1 Qd5 22. Nd3 Nd7 23. Qa5 Rb6 24. Nxc5 Rbc6 25. b4 h6 26. Qxa7 R6c7
27. Qa3 Ra8 28. Qb3 Qxb3 29. Nxb3 Rca7 30. Rc8+ Kh7 31. Rxa8 Rxa8 32. Na5 Rb8
33. a3 Kg6 34. Nc6 Rb6 35. a4 Ra6 36. a5 1-0

[Event "Campeonato Pan-Americano Sub-20 Feminino"]
[Site "CXSP, São Paulo"]
[Date "2012.07.02"]
[Round "7.8"]
[White "Assef, Nathaly Regina Reis"]
[Black "Vescovi, Katherine Lemos"]
[Result "0-1"]
[WhiteElo "1529"]
[BlackElo "1752"]
[PlyCount "48"]
[EventDate "2012.06.29"]

1. e4 c5 2. d4 cxd4 3. c3 dxc3 4. Nxc3 Nc6 5. Nf3 e6 6. Bc4 Bb4 7. Qc2 d5 8.
exd5 exd5 9. Bb3 d4 10. O-O dxc3 11. bxc3 Be7 12. Re1 h6 13. Ba3 Bg4 14. Bxe7
Ngxe7 15. Ne5 Nxe5 16. Rxe5 O-O 17. Rae1 Nc6 18. Rd5 Qc7 19. f3 Be6 20. Rd2
Bxb3 21. axb3 Rad8 22. Rde2 Qd6 23. Kh1 Qd3 24. Qc1 Na5 0-1

[Event "Campeonato Pan-Americano Sub-20 Feminino"]
[Site "CXSP, São Paulo"]
[Date "2012.07.03"]
[Round "8.1"]
[White "Rodriguez Rueda, Paula Andrea"]
[Black "Cancio-Bello Ayes, Flavia"]
[Result "1/2-1/2"]
[WhiteElo "2208"]
[BlackElo "2190"]
[PlyCount "65"]
[EventDate "2012.06.29"]

1. d4 Nf6 2. c4 c5 3. d5 e6 4. Nc3 exd5 5. cxd5 d6 6. e4 g6 7. f4 Bg7 8. Bb5+
Nfd7 9. a4 O-O 10. Nf3 Na6 11. O-O Nb4 12. Be3 a6 13. Be2 Re8 14. Nd2 Bxc3 15.
bxc3 Nxd5 16. exd5 Rxe3 17. Nc4 Re7 18. Nxd6 Nf6 19. Nxc8 Rxc8 20. c4 Qd6 21.
Bd3 Rce8 22. f5 Qe5 23. fxg6 fxg6 24. Kh1 Qd4 25. Bc2 Qh4 26. Qf3 Ng4 27. h3
Ne3 28. d6 Nxf1 29. dxe7 Ng3+ 30. Kh2 Nh5 31. Qd5+ Kg7 32. Qxc5 Rxe7 33. Rf1
1/2-1/2

[Event "Campeonato Pan-Americano Sub-20 Feminino"]
[Site "CXSP, São Paulo"]
[Date "2012.07.03"]
[Round "8.2"]
[White "Aponte, Oriana Isabel"]
[Black "Jorquera Cabello, Valentina"]
[Result "0-1"]
[WhiteElo "1948"]
[BlackElo "1937"]
[PlyCount "84"]
[EventDate "2012.06.29"]

1. e4 c5 2. Nf3 d6 3. d4 cxd4 4. Nxd4 Nf6 5. Nc3 a6 6. Bc4 e6 7. Bb3 b5 8. O-O
Be7 9. Qf3 Qb6 10. Be3 Qb7 11. Rfe1 Nbd7 12. a3 Nc5 13. Bg5 h6 14. Bxf6 Bxf6
15. Nf5 Qb8 16. Nxd6+ Qxd6 17. e5 Bxe5 18. Rxe5 Bb7 19. Qg3 O-O 20. Rd1 Qc7 21.
Rg5 Qxg3 22. Rxg3 Rad8 23. Re3 Rxd1+ 24. Nxd1 Rd8 25. Nc3 Rd2 26. Re2 Rxe2 27.
Nxe2 Nxb3 28. cxb3 e5 29. f3 f5 30. Kf2 Kf7 31. Ke3 Ke6 32. Nc1 f4+ 33. Ke2 e4
34. Na2 g5 35. Nb4 a5 36. Nc2 Ke5 37. Ne1 Bd5 38. fxe4 Kxe4 39. Nf3 g4 40. Nh4
Bxb3 41. Ng6 h5 42. Ne7 h4 0-1

[Event "Campeonato Pan-Americano Sub-20 Feminino"]
[Site "CXSP, São Paulo"]
[Date "2012.07.03"]
[Round "8.3"]
[White "Cordero, Daniela"]
[Black "Pereira, Amanda Marques"]
[Result "1-0"]
[WhiteElo "2090"]
[BlackElo "1999"]
[PlyCount "67"]
[EventDate "2012.06.29"]

1. Nf3 d5 2. c4 e6 3. e3 c5 4. d4 Nc6 5. a3 a5 6. Nc3 Nf6 7. Be2 Be7 8. O-O O-O
9. b3 cxd4 10. exd4 b6 11. Bb2 Bb7 12. Rc1 Ne4 13. Bd3 f5 14. cxd5 Nxc3 15.
Rxc3 exd5 16. Qc2 g6 17. Rxc6 Bxc6 18. Qxc6 Rf6 19. Qc2 Rc8 20. Qe2 Qf8 21. Ne5
Re6 22. Qf3 Rd8 23. a4 Bf6 24. Rc1 Qb4 25. Qd1 Rde8 26. Bb5 R8e7 27. Rc8+ Kg7
28. h3 Bg5 29. Kh2 Bf4+ 30. g3 Bxe5 31. dxe5 f4 32. Bc3 fxg3+ 33. Kxg3 Qe4 34.
Bd3 1-0

[Event "Campeonato Pan-Americano Sub-20 Feminino"]
[Site "CXSP, São Paulo"]
[Date "2012.07.03"]
[Round "8.4"]
[White "Casusol, Cecilia"]
[Black "Sena Moura, Danielle"]
[Result "1-0"]
[WhiteElo "2039"]
[BlackElo "1892"]
[PlyCount "69"]
[EventDate "2012.06.29"]

1. e4 Nf6 2. e5 Nd5 3. c4 Nb6 4. d4 d6 5. exd6 exd6 6. Bd3 Nc6 7. Be3 Be7 8.
Nf3 Bg4 9. h3 Bh5 10. O-O Bf6 11. Re1 O-O 12. Nc3 d5 13. cxd5 Nb4 14. Be4 N4xd5
15. Nxd5 Nxd5 16. Qb3 Nxe3 17. fxe3 Rb8 18. Rac1 c6 19. Qd3 Bxf3 20. Bxf3 Qb6
21. b3 Rbd8 22. Rf1 Rd6 23. Qf5 Re8 24. Be4 h6 25. Rce1 Rde6 26. Bd3 Qc7 27.
Qh7+ Kf8 28. Kh1 Qg3 29. Bc4 Rxe3 30. Rxe3 Qxe3 31. Rxf6 Qc1+ 32. Kh2 Qxc4 33.
bxc4 gxf6 34. Qxh6+ Ke7 35. Qf4 1-0

[Event "Campeonato Pan-Americano Sub-20 Feminino"]
[Site "CXSP, São Paulo"]
[Date "2012.07.03"]
[Round "8.6"]
[White "Dominguez, Gisella"]
[Black "Rothebarth, Ana Vitoria De Paul"]
[Result "0-1"]
[WhiteElo "1824"]
[BlackElo "2020"]
[PlyCount "94"]
[EventDate "2012.06.29"]

1. Nf3 Nf6 2. g3 g6 3. Bg2 d5 4. d3 Bg7 5. O-O O-O 6. Nbd2 d4 7. e4 dxe3 8.
fxe3 Nc6 9. e4 a5 10. a4 Re8 11. Nc4 e5 12. h3 Be6 13. Ne3 Nh5 14. Qe1 Nd4 15.
Kh2 c5 16. Qf2 Rf8 17. Nd5 Nxf3+ 18. Bxf3 Nf6 19. Nxf6+ Bxf6 20. Qxc5 Rc8 21.
Qf2 Qc7 22. c3 Be7 23. Bh6 Rfd8 24. Bg4 Qd7 25. Qf3 Qxd3 26. Bxe6 Qxf3 27. Rxf3
fxe6 28. Raf1 Bf8 29. Bxf8 Rxf8 30. Rxf8+ Rxf8 31. Rxf8+ Kxf8 32. Kg2 Ke7 33.
b4 Kd6 34. Kf3 Kc6 35. Ke3 Kd6 36. Kd3 b6 37. Kc4 Kc6 38. g4 g5 39. Kb3 Kd6 40.
Kc2 Kc6 41. Kd3 Kd6 42. Ke3 Kd7 43. Kf3 b5 44. Ke3 bxa4 45. Kd2 axb4 46. cxb4
Kc6 47. Kc2 Kb5 0-1

[Event "Campeonato Pan-Americano Sub-20 Feminino"]
[Site "CXSP, São Paulo"]
[Date "2012.07.03"]
[Round "8.7"]
[White "Dall`orsoletta, Alaize"]
[Black "Guimaraes, Artemis Pamela"]
[Result "0-1"]
[WhiteElo "1728"]
[BlackElo "2042"]
[PlyCount "158"]
[EventDate "2012.06.29"]

1. e4 e5 2. Nf3 Nc6 3. Bb5 a6 4. Ba4 Nf6 5. O-O Be7 6. Re1 b5 7. Bb3 d6 8. c3
O-O 9. h3 Na5 10. Bc2 c5 11. d4 Nd7 12. Nbd2 exd4 13. cxd4 Nc6 14. Nf1 Bf6 15.
Bf4 Nxd4 16. Bxd6 Nxc2 17. Qxc2 Be7 18. Rad1 Bxd6 19. Rxd6 Qe7 20. Red1 c4 21.
Ng3 Nc5 22. R6d2 Bb7 23. Re2 Nd3 24. Ne1 Nf4 25. Re3 Rad8 26. Rxd8 Rxd8 27. Ne2
Qd6 28. Nxf4 Qxf4 29. Nf3 h6 30. a4 Qd6 31. axb5 axb5 32. g3 Qd1+ 33. Qxd1
Rxd1+ 34. Kg2 b4 35. g4 f6 36. Kg3 Rb1 37. Re2 Ba6 38. Rd2 c3 39. bxc3 bxc3 40.
Rc2 Rb3 41. Nd4 Rb4 42. Nf5 Rb3 43. Ne3 Bd3 44. Rc1 Bxe4 45. Kf4 Bd3 46. h4 c2
47. Nxc2 Rc3 48. Ne1 Rxc1 49. Nxd3 Rc4+ 50. Kf3 h5 51. gxh5 Rxh4 52. Nf4 Rh1
53. Kg2 Ra1 54. Kg3 Rg1+ 55. Kh3 f5 56. f3 Kf7 57. Kh2 Rg5 58. Kh3 Rg1 59. Kh2
Ra1 60. Kh3 Kf6 61. Kg2 Ra5 62. Kh3 Kg5 63. Ne6+ Kxh5 64. Nxg7+ Kg6 65. Ne6 Ra4
66. Nc5 Rc4 67. Nd3 Rd4 68. Nf2 Kg5 69. Kg3 f4+ 70. Kg2 Ra4 71. Ne4+ Kh4 72.
Nc3 Rc4 73. Ne2 Rc2 74. Kf2 Kh3 75. Kf1 Rxe2 76. Kxe2 Kg2 77. Ke1 Kxf3 78. Kf1
Ke3 79. Ke1 f3 0-1

[Event "Campeonato Pan-Americano Sub-20 Feminino"]
[Site "CXSP, São Paulo"]
[Date "2012.07.03"]
[Round "8.8"]
[White "Rodrigues, Fernanda Dos Santos"]
[Black "Schucman, Rebeca Lot"]
[Result "0-1"]
[WhiteElo "1893"]
[BlackElo "1575"]
[PlyCount "112"]
[EventDate "2012.06.29"]

1. d4 d5 2. c4 e6 3. Nf3 Nf6 4. Bg5 Be7 5. Nc3 h6 6. Bxf6 Bxf6 7. e3 O-O 8.
cxd5 exd5 9. Bd3 c6 10. O-O Nd7 11. b4 Be7 12. Qb3 Nf6 13. b5 c5 14. dxc5 Bxc5
15. Rac1 Be6 16. Qa4 Qb6 17. Bb1 Rac8 18. h3 Bxe3 19. fxe3 Qxe3+ 20. Kh1 Rxc3
21. Rxc3 Qxc3 22. Qxa7 Qc4 23. Rd1 Qxb5 24. Bd3 Qb2 25. Rd2 Qc1+ 26. Kh2 Ne4
27. Rc2 Qf4+ 28. Kg1 Bxh3 29. Ne1 Qg3 30. Re2 Bg4 31. Re3 Qf2+ 32. Kh2 f5 33.
Qd4 Rd8 34. Bxe4 fxe4 35. a4 Be6 36. a5 Qh4+ 37. Kg1 Bg4 38. Nc2 Qf6 39. Qb4
Rf8 40. Qe1 Bd7 41. Na3 Bc6 42. Rb3 d4 43. Nc2 d3 44. Ne3 Qd4 45. Qd2 Qa1+ 46.
Kh2 Ra8 47. Nc4 Qa4 48. Rc3 Qb5 49. Kg1 Qf5 50. Ne3 Qxa5 51. Nc4 Qc5+ 52. Ne3
Ra1+ 53. Kf2 Qf8+ 54. Kg3 Qd6+ 55. Kg4 Bd7+ 56. Nf5 Qg6+ 0-1

[Event "Campeonato Pan-Americano Sub-20 Feminino"]
[Site "CXSP, São Paulo"]
[Date "2012.07.03"]
[Round "8.9"]
[White "Assef, Nathaly Regina Reis"]
[Black "Fassis, Juliana Maria"]
[Result "0-1"]
[WhiteElo "1529"]
[BlackElo "1757"]
[PlyCount "78"]
[EventDate "2012.06.29"]

1. d4 Nf6 2. Nf3 c5 3. Bf4 e6 4. e3 cxd4 5. exd4 b6 6. Nbd2 Bb7 7. Bd3 Be7 8.
h3 O-O 9. O-O Nc6 10. c3 Rc8 11. Re1 Re8 12. Rc1 d5 13. Ne5 Nxe5 14. dxe5 Nd7
15. Nf3 f6 16. Nd4 Nf8 17. Qh5 Bc5 18. exf6 Qxf6 19. Be5 Qf7 20. Qg4 Re7 21.
Re3 Ng6 22. Bxg6 Qxg6 23. Qxg6 hxg6 24. Rg3 Bxd4 25. Bxd4 e5 26. Be3 d4 27.
cxd4 Rxc1+ 28. Bxc1 exd4 29. Bf4 Re1+ 30. Kh2 Re2 31. Rxg6 d3 32. Rd6 Rxf2 33.
Kg3 Rxg2+ 34. Kh4 Be4 35. Rd8+ Kh7 36. Rd7 Rxb2 37. Be5 Rg2 38. Bc3 a5 39. Rd4
g5+ 0-1

[Event "Campeonato Pan-Americano Sub-20 Feminino"]
[Site "CXSP, São Paulo"]
[Date "2012.07.04"]
[Round "9.1"]
[White "Cordero, Daniela"]
[Black "Rodriguez Rueda, Paula Andrea"]
[Result "1/2-1/2"]
[WhiteElo "2090"]
[BlackElo "2208"]
[PlyCount "79"]
[EventDate "2012.06.29"]

1. d4 Nf6 2. Nf3 d5 3. c4 e6 4. g3 dxc4 5. Qa4+ c6 6. Qxc4 b5 7. Qc2 Bb7 8.
Nbd2 Nbd7 9. Nb3 Qb6 10. Bg2 c5 11. dxc5 Nxc5 12. Be3 Rc8 13. O-O Be4 14. Qc1
Bb7 15. Qe1 b4 16. Rc1 Bd5 17. Nxc5 Bxc5 18. Bxc5 Rxc5 19. Rxc5 Qxc5 20. Qc1
Qxc1 21. Rxc1 O-O 22. Rc7 a5 23. b3 Ne4 24. Nd4 g6 25. f3 Nc3 26. e4 e5 27. Nc6
Bxc6 28. Rxc6 Ra8 29. Bf1 Nxa2 30. Bc4 Ra7 31. Rc5 Nc3 32. Rxe5 Nb1 33. Re8+
Kg7 34. Kf2 Nd2 35. Bd5 Nxb3 36. Bxb3 a4 37. Bxa4 Rxa4 38. Rb8 Ra2+ 39. Ke3
Rxh2 40. Rxb4 1/2-1/2

[Event "Campeonato Pan-Americano Sub-20 Feminino"]
[Site "CXSP, São Paulo"]
[Date "2012.07.04"]
[Round "9.2"]
[White "Cancio-Bello Ayes, Flavia"]
[Black "Aponte, Oriana Isabel"]
[Result "1-0"]
[WhiteElo "2190"]
[BlackElo "1948"]
[PlyCount "63"]
[EventDate "2012.06.29"]

1. e4 c5 2. Nf3 d6 3. d4 cxd4 4. Nxd4 Nf6 5. Nc3 e6 6. Bg5 Nc6 7. Qd2 a6 8.
O-O-O Be7 9. f4 O-O 10. Nf3 Qa5 11. Kb1 b5 12. Bd3 b4 13. Ne2 Qb6 14. h3 Bd7
15. g4 Rfc8 16. f5 Be8 17. Be3 Qb7 18. g5 Nd7 19. Nf4 Nce5 20. Nxe5 dxe5 21.
Nh5 f6 22. fxe6 Nf8 23. Nxg7 Kxg7 24. gxf6+ Bxf6 25. Bh6+ Kh8 26. Bxf8 Bh5 27.
Qh6 Rxf8 28. Qxh5 Rae8 29. Rhf1 Rxe6 30. Bc4 Re7 31. Rxf6 Rxf6 32. Rd8+ 1-0

[Event "Campeonato Pan-Americano Sub-20 Feminino"]
[Site "CXSP, São Paulo"]
[Date "2012.07.04"]
[Round "9.3"]
[White "Jorquera Cabello, Valentina"]
[Black "Rothebarth, Ana Vitoria De Paul"]
[Result "1-0"]
[WhiteElo "1937"]
[BlackElo "2020"]
[PlyCount "43"]
[EventDate "2012.06.29"]

1. e4 b6 2. d4 Bb7 3. f3 e6 4. Be3 g6 5. Qd2 Bg7 6. c4 d6 7. Nc3 Nd7 8. Be2 Ne7
9. Bh6 O-O 10. d5 e5 11. h4 f6 12. Nh3 Rf7 13. O-O-O Qf8 14. Bxg7 Kxg7 15. g4
a6 16. Rdg1 Qg8 17. f4 Kh8 18. h5 Kg7 19. hxg6 hxg6 20. fxe5 dxe5 21. Qh6+ Kxh6
22. Nf4+ 1-0

[Event "Campeonato Pan-Americano Sub-20 Feminino"]
[Site "CXSP, São Paulo"]
[Date "2012.07.04"]
[Round "9.4"]
[White "Alboredo, Julia"]
[Black "Casusol, Cecilia"]
[Result "0-1"]
[WhiteElo "1729"]
[BlackElo "2039"]
[PlyCount "116"]
[EventDate "2012.06.29"]

1. e4 c5 2. Nf3 Nc6 3. Bb5 g6 4. O-O Bg7 5. c3 Qb6 6. a4 Nf6 7. Re1 O-O 8. Bxc6
dxc6 9. d4 Bg4 10. dxc5 Qxc5 11. e5 Nd5 12. Qd4 Qxd4 13. Nxd4 Rfd8 14. h3 Bd7
15. e6 Bxd4 16. exd7 Bf6 17. Nd2 Bg5 18. Nb3 Bxc1 19. Raxc1 Rxd7 20. c4 Nb4 21.
Nc5 Rc7 22. Rcd1 e6 23. Rd2 b6 24. Ne4 Kf8 25. Red1 Ke7 26. Ng5 Na6 27. Rd3 h6
28. Ne4 Rf8 29. Nc3 Nc5 30. R3d2 Rd7 31. b4 Rxd2 32. Rxd2 Nb7 33. b5 c5 34. Ne4
Na5 35. Rc2 Rd8 36. Kf1 Rd1+ 37. Ke2 Ra1 38. Nc3 Nxc4 39. Kd3 Nd6 40. Re2 Kd7
41. Rd2 Kc7 42. Ke2 Rc1 43. Kd3 Rxc3+ 44. Kxc3 Ne4+ 45. Kd3 Nxd2 46. Kxd2 Kd6
47. Kd3 Kd5 48. f3 e5 49. h4 f5 50. Kc3 e4 51. fxe4+ fxe4 52. g4 c4 53. Kb4 e3
54. Kc3 Kc5 55. h5 gxh5 56. gxh5 e2 57. Kd2 Kb4 58. Kxe2 Kxa4 0-1

[Event "Campeonato Pan-Americano Sub-20 Feminino"]
[Site "CXSP, São Paulo"]
[Date "2012.07.04"]
[Round "9.5"]
[White "Schucman, Rebeca Lot"]
[Black "Guimaraes, Artemis Pamela"]
[Result "0-1"]
[WhiteElo "1575"]
[BlackElo "2042"]
[PlyCount "60"]
[EventDate "2012.06.29"]

1. d4 Nf6 2. c4 e6 3. Nf3 b6 4. g3 Ba6 5. Qc2 Bb4+ 6. Bd2 Be7 7. Bg2 O-O 8. Bg5
d5 9. Bxf6 Bxf6 10. cxd5 exd5 11. O-O c5 12. Rd1 Nc6 13. dxc5 Nb4 14. Qd2 bxc5
15. Nc3 Re8 16. Nxd5 Nxd5 17. Qxd5 Bxe2 18. Rd2 Qxd5 19. Rxd5 Bxb2 20. Rb1 Rab8
21. Rxc5 Ba3 22. Rxb8 Rxb8 23. Re5 Rb1+ 24. Bf1 Bxf3 25. Re3 Bg4 26. Kg2 Bf8
27. Bd3 Rb2 28. Re8 g6 29. Bc4 Kg7 30. Ra8 Bc5 0-1

[Event "Campeonato Pan-Americano Sub-20 Feminino"]
[Site "CXSP, São Paulo"]
[Date "2012.07.04"]
[Round "9.6"]
[White "Pereira, Amanda Marques"]
[Black "Ramillo, Vitoria Matheus"]
[Result "1-0"]
[WhiteElo "1999"]
[BlackElo "1778"]
[PlyCount "39"]
[EventDate "2012.06.29"]

1. e4 c5 2. Nf3 Nc6 3. d4 cxd4 4. Nxd4 Nf6 5. Nc3 d6 6. f3 e6 7. Be3 Be7 8. Qd2
O-O 9. g4 d5 10. g5 Nh5 11. exd5 exd5 12. f4 Bc5 13. O-O-O Nxf4 14. Nxc6 Bxe3
15. Qxe3 bxc6 16. Qxf4 Qb6 17. h4 Rb8 18. b3 Qb7 19. Bg2 Be6 20. h5 1-0

[Event "Campeonato Pan-Americano Sub-20 Feminino"]
[Site "CXSP, São Paulo"]
[Date "2012.07.04"]
[Round "9.7"]
[White "Fassis, Juliana Maria"]
[Black "Vescovi, Katherine Lemos"]
[Result "0-1"]
[WhiteElo "1757"]
[BlackElo "1752"]
[PlyCount "57"]
[EventDate "2012.06.29"]

1. e4 c5 2. Nf3 d6 3. d4 cxd4 4. Qxd4 Nc6 5. Bb5 Bd7 6. Bxc6 Bxc6 7. Nc3 Nf6 8.
Bg5 e6 9. O-O-O Be7 10. Rhe1 O-O 11. Qd2 h6 12. Bh4 Nxe4 13. Nxe4 Bxh4 14. Qxd6
Qxd6 15. Rxd6 Be7 16. Rd3 Rfd8 17. Nd4 Bd5 18. c3 Rac8 19. a3 Bxe4 20. Rxe4 f5
21. Nxf5 exf5 22. Rxd8+ Bxd8 23. Re5 Bg5+ 24. Kb1 g6 25. g3 Kf7 26. f4 Bf6 27.
Rd5 Rd8 28. Rb5 b6 29. Kc1 {(Ilegivel)} 0-1

[Event "Campeonato Pan-Americano Sub-20 Feminino"]
[Site "CXSP, São Paulo"]
[Date "2012.07.04"]
[Round "9.8"]
[White "Sena Moura, Danielle"]
[Black "Rodrigues, Fernanda Dos Santos"]
[Result "1-0"]
[WhiteElo "1892"]
[BlackElo "1893"]
[PlyCount "35"]
[EventDate "2012.06.29"]

1. d4 Nf6 2. c4 e6 3. Nf3 Bb4+ 4. Bd2 Qe7 5. g3 O-O 6. Bg2 d5 7. O-O Bxd2 8.
Nbxd2 c6 9. Qc2 b6 10. e4 dxe4 11. Nxe4 Bb7 12. Nxf6+ Qxf6 13. Ne5 Rd8 14. Rad1
Qe7 15. Qa4 c5 16. Bxb7 Qxb7 17. dxc5 Rxd1 18. Qe8# 1-0